Normal view
MARC view
Entry Personal Name
001 - CONTROL NUMBER
- control field: 59222
003 - CONTROL NUMBER IDENTIFIER
- control field: OSt
005 - DATE AND TIME OF LATEST TRANSACTION
- control field: 20260219162722.0
008 - FIXED-LENGTH DATA ELEMENTS
- fixed length control field: 260219|| aca||aabn | a|a d
040 ## - CATALOGING SOURCE
- Original cataloging agency: OSt
- Transcribing agency: OSt
100 ## - HEADING--PERSONAL NAME
- Personal name: Mundle, Sudipto and Ajaya K Sahu
670 ## - SOURCE DATA FOUND
- Source citation: Work cat.: (OSt)527981: Mundle, Sudipto and Ajaya K Sahu, The 2024–25 budget, employment-intensive growth and Viksit Bharat
